000 01221nam a22003497a 4500
003 CHAP
005 20250926062750.0
008 971010s1982 r 00010 d
010 _a63778
011 _a64750
035 _a70860
040 _cCHAP
090 _aTesis
100 0 0 _aAlvarez Almora, Enrique Gilberto.
_94863
245 1 _aProducción de carne y calidad del forraje consumido por ovinos en bosque de Pinus hartwegii Lindi
260 _aChapingo, Méx. :
_bEl autor,
_c1982
300 _a44 h., gráfs.
502 _aTesis (Ing. Agrónomo Esp. en Zootecnia). -- UACH. Departamento de Zootecnia
590 _aALEPH
_b10
_c20130110
_lUCH01
_h1346
590 _aBATCH-UPD
_b10
_c20130110
_lUCH01
_h0942
590 _aBATCH-UPD
_b10
_c20130410
_lUCH01
_h0558
590 _aBATCH-UPD
_b10
_c20130914
_lUCH01
_h0957
590 _aCONVERSION
_b10
_c20130109
_lUCH01
_h1334
650 1 4 _aCoeficiente de agostadero.
_924319
650 1 4 _aGanado de carne
_xProducción.
_945104
650 1 4 _aGanado lanar
_xPastoreo.
_945209
650 1 7 _aPastos forrajeros
_xRendimiento
_2
_986118
700 0 _aHernández Reyna, Alvaro.
_954527
901 _aBK
942 _cTESIS
949 _bBC
_cTES
_d-60425
_eTS1
_h17136
_i70860
_si
999 _c63778
_d63778